| 000 | 00717nac a22001811u 4500 | ||
|---|---|---|---|
| 008 | 100906t xxu||||| |||| 00| 0 eng d | ||
| 010 | _a 95155260 | ||
| 020 | _a0419196609 | ||
| 082 | 0 | 0 |
_a621.93 _bSUM |
| 100 |
_aSummers, David A. _918214 |
||
| 245 | 1 | 0 |
_aWaterjetting Technology / _cDavid A. Summers. |
| 260 |
_aLondon ; _aNew York : _bE & FN Spon,1995 _c1995. |
||
| 300 |
_axvi, 882 p. : _bill. ; _c26 cm. |
||
| 504 | _aIncludes bibliographical references and index. | ||
| 650 | 0 |
_aWater jet cutting. _918215 |
|
| 942 |
_cBB _k621.93SUM _2ddc |
||
| 999 |
_c4079 _d4079 |
||